MCU movies by Rotten Tomatoes scores - Statistics

General Stats
  • This quiz has been taken 31 times
  • The average score is 58 of 64
Answer Stats
Critic Score Year Movie % Correct
94% 2019 Avengers: Endgame
96%
90% 2019 Avengers: Endgame
96%
85% 2018 Avengers: Infinity War
96%
92% 2018 Avengers: Infinity War
96%
90% 2014 Captain America: The Winter Soldier
96%
92% 2014 Captain America: The Winter Soldier
96%
94% 2008 Iron Man
96%
91% 2008 Iron Man
96%
71% 2010 Iron Man 2
96%
71% 2010 Iron Man 2
96%
91% 2012 The Avengers
96%
91% 2012 The Avengers
96%
83% 2015 Ant-Man
92%
85% 2015 Ant-Man
92%
87% 2018 Ant-Man and the Wasp
92%
80% 2018 Ant-Man and the Wasp
92%
76% 2015 Avengers: Age of Ultron
92%
82% 2015 Avengers: Age of Ultron
92%
96% 2018 Black Panther
92%
79% 2018 Black Panther
92%
90% 2016 Captain America: Civil War
92%
89% 2016 Captain America: Civil War
92%
80% 2011 Captain America: The First Avenger
92%
75% 2011 Captain America: The First Avenger
92%
79% 2019 Captain Marvel
92%
45% 2019 Captain Marvel
92%
92% 2014 Guardians of the Galaxy
92%
92% 2014 Guardians of the Galaxy
92%
85% 2017 Guardians of the Galaxy Vol. 2
92%
87% 2017 Guardians of the Galaxy Vol. 2
92%
92% 2017 Spider-Man: Homecoming
92%
87% 2017 Spider-Man: Homecoming
92%
67% 2008 The Incredible Hulk
92%
69% 2008 The Incredible Hulk
92%
77% 2011 Thor
92%
76% 2011 Thor
92%
93% 2017 Thor: Ragnarok
92%
87% 2017 Thor: Ragnarok
92%
66% 2013 Thor: The Dark World
92%
75% 2013 Thor: The Dark World
92%
84% 2022 Black Panther: Wakanda Forever
88%
94% 2022 Black Panther: Wakanda Forever
88%
79% 2021 Black Widow
88%
91% 2021 Black Widow
88%
89% 2016 Doctor Strange
88%
86% 2016 Doctor Strange
88%
47% 2021 Eternals
88%
77% 2021 Eternals
88%
79% 2013 Iron Man 3
88%
78% 2013 Iron Man 3
88%
90% 2019 Spider-Man: Far From Home
88%
95% 2019 Spider-Man: Far From Home
88%
93% 2021 Spider-Man: No Way Home
88%
98% 2021 Spider-Man: No Way Home
88%
47% 2023 Ant-Man and The Wasp: Quantumania
84%
83% 2023 Ant-Man and The Wasp: Quantumania
84%
82% 2023 Guardians of the Galaxy Vol. 3
84%
94% 2023 Guardians of the Galaxy Vol. 3
84%
74% 2022 Doctor Strange in the Multiverse of Madness
76%
85% 2022 Doctor Strange in the Multiverse of Madness
76%
91% 2021 Shang-Chi and the Legend of the Ten Rings
76%
98% 2021 Shang-Chi and the Legend of the Ten Rings
76%
63% 2022 Thor: Love and Thunder
76%
77% 2022 Thor: Love and Thunder
76%
No matching quizzes found
Score Distribution
Percent of People with Each Score
Percentile by Number Answered
Your Score History
You have not taken this quiz